000 00256nam a2200085Ia 4500
245 0 _aDie geheime wereld van fee
100 _a KINCAID, Eric Kaapstad, 2003 1ste Afrikaanse uitgawe
_9104589
942 _cBK
008 210818s9999 xx 000 0 und d
999 _c473344
_d473343